MARC

LEADER 00000nas a2200000 4500
001 ssj0011296
003 WaSeSS
005 20200512172242.0
006 m d
007 cr n
008 780518c19789999dcuwx p s 0 a0eng c
010 |a sc 78000935  
016 7 |a 9877910  |2 DNLM 
016 7 |a S04900000  |2 DNLM 
022 |l 0161-3448  |y 0161-3448 
035 |a (WaSeSS)ssj0011296 
037 |b Phillips Pub., Inc., 8401 Conn. Ave., Suite 707, Washington, D.C., 20015 
040 |a NSD  |b eng  |c NSD  |d DLC  |d NSD  |d RCS  |d AIP  |d NST  |d NLM  |d DLC  |d CUS  |d OCLCQ  |d OCLCF  |d OCLCO  |d OCLCQ  |d WaSeSS 
042 |a nsdp  |a pcc 
050 1 4 |a TL796.A1  |b S37 
082 1 0 |a 384  |2 14 
222 0 |a Satellite news  |b (Washington, D.C.) 
245 0 0 |a Satellite news  |h [electronic resource]. 
260 |a [Washington],  |b [Phillips Pub.] 
310 |a Fifty issues a yr.,  |b <Apr. 8, 1981 
321 |a Monthly 
362 0 |a v. 1- May 1978- 
506 |a License restrictions may limit access. 
650 0 |a Artificial satellites in telecommunication  |v Periodicals. 
650 0 |a Artificial satellites  |v Periodicals. 
650 7 |a Artificial satellites.  |2 fast  |0 (OCoLC)fst00817346 
650 7 |a Artificial satellites in telecommunication.  |2 fast  |0 (OCoLC)fst00817444 
655 0 |a Electronic journals. 
850 |a CoU 
856 4 0 |z Full text available from Research Library: 01/09/1995 to 12/11/2012  |u https://search.proquest.com/publication/48234